| 000 | 01361cgm a2200481 4500 | ||
|---|---|---|---|
| 001 | a4305 | ||
| 003 | DO-SdBNP | ||
| 005 | 20230320124906.0 | ||
| 007 | a4305 | ||
| 008 | 080717s2008 sp e v mul | ||
| 015 | _a | ||
| 017 |
_a _b |
||
| 020 | _a9788498380729 | ||
| 028 | 4 | 0 |
_a _b |
| 035 | _a | ||
| 040 |
_aBPMSU _bspa _cBPMSU _e |
||
| 041 | 1 |
_aspa _a _b _b _d |
|
| 082 | 4 |
_a813 _bH829c, 2008 _222 |
|
| 084 |
_a _2 |
||
| 100 |
_aHosseini, Khaled. _4 |
||
| 130 | 4 |
_aThe kite runner _lEspañol-Inglés |
|
| 240 |
_aThe kite runner. _lEspañol |
||
| 245 | 1 | 0 |
_aCometas en el cielo / _h _b _c Khaled Hosseini ; traducido del inglés Isabel Murillo Fort. |
| 250 | _a11a. ed. | ||
| 260 |
_aBarcelona: _bSalamandra, _b _c2008 |
||
| 300 |
_a 382 p. ; _b _c 24 cm. |
||
| 490 | _aNovela | ||
| 500 | _a Incluye datos biográficos del autor en la solapa de la cubierta | ||
| 500 | _a | ||
| 500 | _a | ||
| 511 | 1 | _a | |
| 650 | 4 | _aNOVELA ESTADOUNIDENSE | |
| 650 | 4 | _aLITERATURA ESTADOUNIDENSE | |
| 655 | 7 |
_aDrama cinematográfico _2tgfbne |
|
| 700 | 1 | 2 |
_aMurillo Fort, Isabel , _d _etr. |
| 700 | 1 | _aToub, Shaun | |
| 700 | 1 | _aErshadi, Homayoun | |
| 830 | _aNovela | ||
| 910 | _aValidado. Control de calidad MFF | ||
| 942 |
_2ddc _cBK |
||
| 945 | _aInventariado, 2017/MFF | ||
| 956 |
_aVMATEO _d10 _f20160708 _hBPMSU _i00069 |
||
| 999 |
_c10789 _d10789 |
||